Quiz o Wiśle Kraków - Statystyki

Ogólne statystyki
  • Ten quiz został rozwiązany 36 razy
  • Średni wynik to 3 z 7
Statystyki odpowiedzi
Pytanie Odpowiedź % Poprawnych
Ile lat ma Wisła Kraków? 116
81%
W jakiej lidze gra Wisła Kraków? (Sezon 2022/2023) FORTUNA 1 Liga
50%
Kto jest kapitanem Wisły Kraków? Igor Łasicki
41%
Kto jest menedżerem Wisły Kraków? Radosław Sobolewski
38%
Na jakim stadionie Wisła Kraków prowadzi mecze domowe? Stadion Miejski im. Henryka Reymana
28%
Co to Wisła Kraków? NAJLEPSZY KLUB PIŁKARSKI NA ŚWIECIE!
13%
Jaka jest pełna nazwa Wisły Kraków? TS Wisła Kraków Spółka Akcyjna
0%
Nie znaleziono quizów pasujących do podanych kryteriów
Rozkład punktacji
Procent ludzi z każdym wynikiem
Percentyl według liczby udzielonych odpowiedzi
Twoja historia wyników
Nie rozwiązałeś tego quizu